Statystyki dla Największe aglomeracje w Niemczech

Kliknij tutaj aby rozwiązać quiz!

Ogólne statystyki

  • Ten quiz został rozwiązany 138 razy
  • Średni wynik to 12 z 20

Statystyki odpowiedzi

MiejsceMieszkańcyNazwa% Poprawnych
3.4 613 400Aglomeracja Berlińska
100%
7.2 211 800Aglomeracja Monachijska
99%
5.2 815 500Aglomeracja Hamburska
98%
1.5 612 300Zagłębie Ruhry
95%
2.4 909 200Aglomeracja Kolońsko-Düsseldorfska
93%
4.3 187 300Aglomeracja Frankfurt-Wiesbaden-Darmstadt
87%
15.735 300Aglomeracja Lipska
87%
13.827 000Aglomeracja Drezdeńska
82%
11.988 500Aglomeracja Bremeńska
76%
6.2 357 600Aglomeracja Stuttgarcka
72%
10.1 131 900Aglomeracja Hanowerska
65%
9.1 206 200Aglomeracja Norymberska
65%
19.510 100Aglomeracja Augsburska
34%
12.932 600Aglomeracja Bielefeld-Herford
28%
14.824 000Aglomeracja Saarbrücken
28%
8.1 548 300Aglomeracja Mannheim-Ludwigshafen-Heidelberg
24%
17.571 600Aglomeracja Akwizgrańska
19%
16.624 600Aglomeracja Chemnitz-Zwickau
18%
20.500 300Aglomeracja Mönchengladbach
14%
18.512 100Aglomeracja Karlsruhe
13%

Rozkład punktacji

Percentyl według liczby udzielonych odpowiedzi

Procent ludzi z każdym wynikiem

Twoja historia wyników

Nie rozwiązałeś tego quizu